| 000 | 00540nam a2200181Ia 4500 | ||
|---|---|---|---|
| 008 | 170725s9999 xx 000 0 und d | ||
| 100 | _aAbdul Rafay | ||
| 245 | _aFinancial Integration in Money Markets: Evidence from SAARC Region | ||
| 245 | _cAbdul Rafay | Saqib Farid | ||
| 260 | _c2017 | ||
| 300 | _apages 87-114, January | ||
| 440 |
_aDLSU Business & Economics Review _v26:2 |
||
| 500 | _aCJ0034 | ||
| 650 | _aINTEREST RATES | ||
| 650 | _aMONETARY UNION, CO-INTEGRATION, IRF, VDC | ||
| 650 | _aMONEY MARKETS | ||
| 650 | _aSAARC | ||
| 999 |
_c340916 _d340916 |
||